000 00977cam a2200241 4500
001 WB3638-20
008 000000n2000 000 0 eng u
035 _a(Sirsi) u108471
245 _aVisionary blueprint for West End
260 _c2000
490 _aEvening Standard
_v25 September 2000, 7(1)
520 _aWestminster council presents a new blueprint for the West End with the imminent launch of it's Unitary Development Plan. The report focuses on developments for designated areas in the West End, and includes restrictions on skyscrapers, limitations on Soho sex shops, and an increase in higher quality hotels in central London.
590 _aWB
650 _aHOTELS
650 _aWEST END OF LONDON
650 _aCENTRAL LONDON
650 _aCITY OF WESTMINSTER
650 _aSKYSCRAPERS
650 _aHIGH-RISE BUILDINGS
650 _aUNITARY DEVELOPMENT PLAN
690 _aENVIRONMENTAL AND LAND CONSULTANCY-PLANNING AND DEVELOPMENT
942 _n0
999 _c64762
_d64762